| 000 | 00509nmm a2200157Ia 4500 | ||
|---|---|---|---|
| 008 | 251105s9999||||xx |||||||||||||||||und|| | ||
| 041 | _aspa | ||
| 100 | _aRobledo Fernández, David | ||
| 245 | 0 | _aDesarrollo de aplicaciones para Android II | |
| 264 |
_a[Madrid, España] : _bMinisterio de Educación, Cultura y Deporte de España, _c2014 |
||
| 300 | _a461 páginas | ||
| 490 | _aAula Mentor | ||
| 650 | _aTechnology and computing | ||
| 856 | _uhttps://public.digitaliapublishing.com/a/30258 | ||
| 942 | _cCF | ||
| 999 |
_c98440 _d98440 |
||